| 000 | 00457 a2200169 4500 | ||
|---|---|---|---|
| 003 | Nust | ||
| 005 | 20170207153407.0 | ||
| 040 | _cNust | ||
| 082 | _a005.1 | ||
| 100 | _aKhan ,NC Suleiman Ali BESE-07 | ||
| 245 |
_aReusable architecture development for interoiperable universal simulations _cNC Suleiman Ali Khan , BESE-07 |
||
| 260 |
_bMCS _c2005 |
||
| 300 | _a47p | ||
| 538 | _aAlmirah No.71 Shelf No.4 | ||
| 650 | _a UG Projects | ||
| 651 | _a UG CS Projects | ||
| 942 | _cTHS | ||
| 999 |
_c185187 _d185187 |
||